[Event "2. Bundesliga West 2009/20010"]
[Site "Kufstein"]
[Date "2009.11.27"]
[Round "4"]
[Board "6"]
[White "Froewis, Annika"]
[Black "Endthaler, Arnold"]
[Result "1/2-1/2"]
[WhiteElo "1933"]
[BlackElo "2057"]
[PlyCount "88"]
[EventDate "2009.10.23"]
[EventType "team"]
[EventRounds "11"]
[EventCountry "AUT"]
[WhiteTeam "Bregenz"]
[BlackTeam "Wuestenrot Sbg SIR"]

1.e4 c5 2.Nf3 d6 3.d4 cxd4 4.Nxd4 Nf6 5.Nc3 a6 6.Be3 e5 7.Nb3 Be7 8.f3 Be6 9.Qd2
Qc7 10.g4 Nbd7 11.g5 Nh5 12.Be2 O-O 13.O-O-O b5 14.Kb1 Nb6 15.f4 Nxf4 16.Bxf4
exf4 17.Qxf4 Nd7 18.Nd4 Ne5 19.Qg3 Ra7 20.Nd5 Bxd5 21.exd5 Rc8 22.Bg4 Re8 23.Bf5
Bf8 24.Rhe1 Qc5 25.Nc6 Rae7 26.Nxe7+ Rxe7 27.h4 g6 28.Be4 Bg7 29.c3 a5 30.Qe3
Qc7 31.a3 Qb7 32.b4 axb4 33.cxb4 Nc4 34.Qb3 Qa6 35.Ka2 Be5 36.Bd3 Nb6 37.Bf1 Na4
38.Rc1 Qb7 39.Qd3 Qa7 40.Qf3 Qd4 41.Rc2 Rc7 42.Rf2 Nc3+ 43.Kb3 Nxd5 44.Ka2 Nc3+

[Event "2. Bundesliga West 2009/20010"]
[Site "Kufstein"]
[Date "2009.11.27"]
[Round "4"]
[Board "1"]
[White "Juergens, Klaus"]
[Black "Dobosz, Henryk"]
[Result "0-1"]
[WhiteElo "2162"]
[BlackElo "2404"]
[PlyCount "84"]
[EventDate "2009.10.23"]
[EventType "team"]
[EventRounds "11"]
[EventCountry "AUT"]
[WhiteTeam "ASK Salzburg"]
[BlackTeam "Goetzis"]

1.Nf3 d5 2.g3 Bg4 3.Bg2 Nd7 4.d4 e6 5.O-O Bd6 6.c4 c6 7.Qb3 Rb8 8.e4 dxc4 9.Qxc4
Ne7 10.Be3 O-O 11.Nc3 b5 12.Qd3 a6 13.a4 b4 14.Nb1 a5 15.Nbd2 c5 16.e5 Bf5
17.Qe2 Bc7 18.Nc4 cxd4 19.Bxd4 Nc6 20.Rfd1 Qe7 21.Nd6 Bg4 22.Rac1 Bxf3 23.Bxf3
Nxd4 24.Rxd4 Bb6 25.Rdc4 Qg5 26.Re1 Rbd8 27.Nb7 Rc8 28.Rg4 Qe7 29.Nd6 Rc5 30.Nc4
Bc7 31.Re4 Rd8 32.Rd1 Rd5 33.Red4 Rxd4 34.Rxd4 Nc5 35.Rxd8+ Qxd8 36.Bc6 Qd4
37.Bb5 h6 38.Kg2 g5 39.h3 Kg7 40.g4 Nd3 41.Qe3 Qd5+ 42.Kg1 Nf4

[Event "2. Bundesliga West 2009/20010"]
[Site "Kufstein"]
[Date "2009.11.27"]
[Round "4"]
[Board "2"]
[White "Eisenbeiser, Amadeus"]
[Black "Loeffler, Christoph"]
[Result "1-0"]
[WhiteElo "2390"]
[BlackElo "2163"]
[PlyCount "87"]
[EventDate "2009.10.23"]
[EventType "team"]
[EventRounds "11"]
[EventCountry "AUT"]
[WhiteTeam "Goetzis"]
[BlackTeam "ASK Salzburg"]

1.e4 c6 2.d4 d5 3.Nc3 dxe4 4.Nxe4 Nf6 5.Nxf6+ gxf6 6.Be3 Bf5 7.Nf3 e6 8.Nh4 Bg6
9.Nxg6 hxg6 10.Qd2 Nd7 11.Bf4 g5 12.Be3 Qc7 13.g3 O-O-O 14.O-O-O Nb6 15.Qa5 Kb8
16.c4 Nd5 17.Qxc7+ Nxc7 18.Bg2 Bh6 19.h3 f5 20.h4 gxh4 21.Bxh6 Rxh6 22.Rxh4 Rxh4
23.gxh4 Rh8 24.Rh1 Kc8 25.Kd2 Kd7 26.Ke3 Ke7 27.Bf3 Ne8 28.h5 f6 29.Kf4 Nd6
30.b3 Kf7 31.a4 Re8 32.Re1 Kg7 33.Re3 Nf7 34.Be2 Rd8 35.Rxe6 Rxd4+ 36.Ke3 Rd7
37.Re8 Nd6 38.Ra8 b6 39.Kf4 Ne4 40.Kxf5 Nxf2 41.Bf3 c5 42.Bd5 Kh6 43.Kxf6 Kxh5
44.Rh8+

[Event "2. Bundesliga West 2009/20010"]
[Site "Kufstein"]
[Date "2009.11.27"]
[Round "4"]
[Board "3"]
[White "Besner, Bernhard"]
[Black "Schmidlechner, Alexander"]
[Result "1/2-1/2"]
[WhiteElo "2150"]
[BlackElo "2190"]
[PlyCount "78"]
[EventDate "2009.10.23"]
[EventType "team"]
[EventRounds "11"]
[EventCountry "AUT"]
[WhiteTeam "ASK Salzburg"]
[BlackTeam "Goetzis"]

1.e4 c5 2.c3 Nf6 3.e5 Nd5 4.d4 cxd4 5.Nf3 Nc6 6.Bc4 Nb6 7.Bb3 d5 8.exd6 e6
9.cxd4 Bxd6 10.Nc3 O-O 11.O-O Bd7 12.Qe2 Ne7 13.Bg5 Qe8 14.Rfe1 Ned5 15.Qd3 Bc6
16.Bc2 f5 17.Bb3 Qg6 18.Qd2 h6 19.Bh4 Rae8 20.Bg3 f4 21.Bc2 Qh5 22.Bh4 g5 23.Qd3
Qf7 24.Ne4 Nb4 25.Nf6+ Kh8 26.Nxg5 hxg5 27.Qh3 Kg7 28.Bxg5 Rh8 29.Nh7 Nxc2
30.Qh6+ Kg8 31.Nf6+ Qxf6 32.Qxf6 Nxe1 33.Rxe1 Bd5 34.Qg6+ Kf8 35.Bxf4 Bxf4
36.Qf6+ Kg8 37.Qg6+ Kf8 38.Qf6+ Kg8 39.Qg6+ Kf8

[Event "2. Bundesliga West 2009/20010"]
[Site "Kufstein"]
[Date "2009.11.27"]
[Round "4"]
[Board "4"]
[White "Scheffknecht, Philipp"]
[Black "Scheiblmaier, Robert"]
[Result "1/2-1/2"]
[WhiteElo "2163"]
[BlackElo "2095"]
[PlyCount "157"]
[EventDate "2009.10.23"]
[EventType "team"]
[EventRounds "11"]
[EventCountry "AUT"]
[WhiteTeam "Goetzis"]
[BlackTeam "ASK Salzburg"]

1.d4 d5 2.c4 e6 3.Nc3 c5 4.cxd5 exd5 5.Nf3 Nc6 6.Bg5 Be7 7.Bxe7 Ngxe7 8.dxc5 Qa5
9.e3 Qxc5 10.Rc1 O-O 11.Bd3 h6 12.Bb1 Rd8 13.Qd3 Bf5 14.Qb5 Qxb5 15.Nxb5 Nb4
16.a3 Nd3+ 17.Bxd3 Bxd3 18.Nbd4 Rac8 19.Kd2 Be4 20.Rxc8 Rxc8 21.Rc1 Rxc1 22.Kxc1
Kf8 23.Kd2 Nf5 24.Nxf5 Bxf5 25.Nd4 Bd7 26.Kc3 Ke7 27.Kb4 Kd6 28.a4 g6 29.a5 a6
30.Kc3 Kc5 31.b4+ Kd6 32.Nb3 Ke5 33.Nc5 Bc6 34.f4+ Kd6 35.Kd4 f6 36.Nd3 Bd7
37.Nc5 Bc6 38.Nd3 Bd7 39.Nf2 Bf5 40.g4 Bd7 41.e4 dxe4 42.Nxe4+ Ke7 43.g5 hxg5
44.fxg5 fxg5 45.Nxg5 Kd6 46.Nf7+ Ke7 47.Ne5 Bf5 48.Kc5 Be4 49.Nc4 Ke6 50.Nd6 Bg2
51.b5 axb5 52.Nxb5 g5 53.Kb6 Kd7 54.Nd4 Kc8 55.Ne6 g4 56.Nf4 Bf3 57.Ng6 Kb8
58.Ne5 Bd1 59.Nc4 Bf3 60.Nd6 Bg2 61.Nc4 Bf3 62.Kc5 Ka7 63.Ne5 Ka6 64.Kb4 Be2
65.Nd7 Bf3 66.Nc5+ Ka7 67.Na4 Ka6 68.Nb6 Be2 69.Nd5 Bf3 70.Nc7+ Ka7 71.Kc5 Be2
72.Kd4 b6 73.axb6+ Kxb6 74.Nd5+ Kc6 75.Ke5 Kd7 76.Kf4 Ke6 77.Nc3 Bf3 78.h4 gxh3
79.Kxf3

[Event "2. Bundesliga West 2009/20010"]
[Site "Kufstein"]
[Date "2009.11.27"]
[Round "4"]
[Board "1"]
[White "Dizdar, Goran"]
[Black "Krstic, Uros"]
[Result "1/2-1/2"]
[WhiteElo "2563"]
[BlackElo "2377"]
[PlyCount "62"]
[EventDate "2009.10.23"]
[EventType "team"]
[EventRounds "11"]
[EventCountry "AUT"]
[WhiteTeam "SC Absam"]
[BlackTeam "Sparkasse Schwarzach"]

1.d4 Nf6 2.Nf3 g6 3.c4 Bg7 4.g3 O-O 5.Bg2 d6 6.O-O Nc6 7.Nc3 Bf5 8.d5 Na5 9.Nd4
Bd7 10.Qd3 Ng4 11.b3 c6 12.e3 Rc8 13.Bd2 a6 14.Qe2 cxd5 15.Nxd5 Nc6 16.Rac1 Nf6
17.Bc3 Nxd5 18.Bxd5 Qb6 19.Rfd1 Ne5 20.Rd2 Bg4 21.Qf1 Nc6 22.Ne2 Bxe2 23.Qxe2
Bxc3 24.Rxc3 Nb4 25.a3 Nxd5 26.Rxd5 Rc5 27.Rd4 Rfc8 28.Qd2 Qc7 29.h4 h5 30.a4 b5
31.axb5 axb5

[Event "2. Bundesliga West 2009/20010"]
[Site "Kufstein"]
[Date "2009.11.27"]
[Round "4"]
[Board "2"]
[White "Danner, Georg"]
[Black "Wegerle, Joerg"]
[Result "1/2-1/2"]
[WhiteElo "2450"]
[BlackElo "2430"]
[PlyCount "93"]
[EventDate "2009.10.23"]
[EventType "team"]
[EventRounds "11"]
[EventCountry "AUT"]
[WhiteTeam "Sparkasse Schwarzach"]
[BlackTeam "SC Absam"]

1.d4 d5 2.Nf3 Nf6 3.c4 c6 4.e3 Bf5 5.Nc3 e6 6.Nh4 Bg6 7.Bd2 Nbd7 8.Be2 Be7
9.Nxg6 hxg6 10.Qb3 Qc7 11.cxd5 exd5 12.Rc1 Nb6 13.g3 Qd7 14.a4 Nc8 15.Bf3 Nd6
16.Qc2 a5 17.h4 Qf5 18.Qxf5 gxf5 19.Ke2 Kd7 20.Rc2 Nde4 21.Be1 Bb4 22.Bg2 g6
23.Na2 Bxe1 24.Rxe1 Ra6 25.Nc1 Rb6 26.Nd3 Ke7 27.Rg1 Nd6 28.Ne5 Nd7 29.Nd3 Nc4
30.Ra1 Kd6 31.Ra2 f6 32.Rc3 Ra6 33.b3 Ncb6 34.Nc5 Ra7 35.Ra1 Nc8 36.Nd3 Ne7
37.Rh1 Nf8 38.Kd2 Ne6 39.Rcc1 Raa8 40.Bf3 Rh7 41.Nf4 Rah8 42.Nxe6 Kxe6 43.Rhg1
Ra8 44.Be2 Nc8 45.Rg2 Nd6 46.Bd3 Rh6 47.Ke2

[Event "2. Bundesliga West 2009/20010"]
[Site "Kufstein"]
[Date "2009.11.27"]
[Round "4"]
[Board "3"]
[White "Gerhold, Michael"]
[Black "Hecht, Hans-Joachim"]
[Result "1/2-1/2"]
[WhiteElo "2241"]
[BlackElo "2381"]
[PlyCount "49"]
[EventDate "2009.10.23"]
[EventType "team"]
[EventRounds "11"]
[EventCountry "AUT"]
[WhiteTeam "SC Absam"]
[BlackTeam "Sparkasse Schwarzach"]

1.Nf3 e6 2.c4 b6 3.g3 Bb7 4.Bg2 Nf6 5.O-O Be7 6.Nc3 O-O 7.Re1 d5 8.cxd5 exd5
9.d4 Na6 10.Bf4 c5 11.Rc1 Re8 12.Qa4 cxd4 13.Nxd4 Nc5 14.Qc2 Nce4 15.Nxe4 Nxe4
16.Red1 Bc5 17.Bxe4 Rxe4 18.Nb3 Bxf2+ 19.Kxf2 Rxf4+ 20.gxf4 Qh4+ 21.Kf1 Qxf4+
22.Ke1 Qh4+ 23.Kd2 Qf4+ 24.Ke1 Qh4+ 25.Kd2

[Event "2. Bundesliga West 2009/20010"]
[Site "Kufstein"]
[Date "2009.11.27"]
[Round "4"]
[Board "4"]
[White "Hrvacic, Pavle"]
[Black "De, Francesco Klaus"]
[Result "1/2-1/2"]
[WhiteElo "2304"]
[BlackElo "2296"]
[PlyCount "38"]
[EventDate "2009.10.23"]
[EventType "team"]
[EventRounds "11"]
[EventCountry "AUT"]
[WhiteTeam "Sparkasse Schwarzach"]
[BlackTeam "SC Absam"]

1.e4 e6 2.d4 d5 3.Nd2 Nf6 4.Bd3 c5 5.e5 Nfd7 6.c3 Nc6 7.Ne2 a5 8.O-O cxd4 9.cxd4
Nb6 10.Nf3 Be7 11.Re1 Bd7 12.Nc3 a4 13.Be3 Nb4 14.Bf1 a3 15.b3 O-O 16.Qd2 Bc6
17.Rec1 Bd7 18.Re1 Bc6 19.Rec1 Qd7

[Event "2. Bundesliga West 2009/20010"]
[Site "Kufstein"]
[Date "2009.11.27"]
[Round "4"]
[Board "5"]
[White "Embacher, Gregor"]
[Black "Ljubic, Juro"]
[Result "1/2-1/2"]
[WhiteElo "2149"]
[BlackElo "2237"]
[PlyCount "99"]
[EventDate "2009.10.23"]
[EventType "team"]
[EventRounds "11"]
[EventCountry "AUT"]
[WhiteTeam "SC Absam"]
[BlackTeam "Sparkasse Schwarzach"]

1.c4 e5 2.Nc3 Bb4 3.Qc2 Nc6 4.e3 Nf6 5.Nf3 O-O 6.Be2 Re8 7.O-O a5 8.a3 Bf8 9.b3
d6 10.Nd5 Nxd5 11.cxd5 Ne7 12.e4 c6 13.dxc6 Nxc6 14.d4 exd4 15.Bb2 Qb6 16.Rfd1
Be6 17.Rd3 Rac8 18.Qd1 Bg4 19.Nxd4 Bxe2 20.Qxe2 Nxd4 21.Bxd4 Qc6 22.Rc3 Qd7
23.Rxc8 Qxc8 24.Re1 d5 25.Qd2 Rxe4 26.Be3 Qd8 27.Rd1 d4 28.Bxd4 Bxa3 29.Qd3 Qe8
30.Be3 Bb4 31.g3 h6 32.Rc1 Re6 33.Qd5 Rc6 34.Rd1 Rd6 35.Qf3 Rxd1+ 36.Qxd1 Qe4
37.Qd8+ Kh7 38.Qd7 Qb1+ 39.Kg2 Qe4+ 40.Kg1 Qb1+ 41.Kg2 Qxb3 42.Qxb7 Qe6 43.Qb5
Qe4+ 44.Kg1 Qc2 45.h4 Qc7 46.Bd4 Qd6 47.Bb6 Qd1+ 48.Kh2 Qc2 49.Kg1 Qe4 50.Bxa5

[Event "2. Bundesliga West 2009/20010"]
[Site "Kufstein"]
[Date "2009.11.27"]
[Round "4"]
[Board "6"]
[White "Klinger, Josef Sen."]
[Black "Natter, Siegfried"]
[Result "0-1"]
[WhiteElo "1984"]
[BlackElo "2262"]
[PlyCount "48"]
[EventDate "2009.10.23"]
[EventType "team"]
[EventRounds "11"]
[EventCountry "AUT"]
[WhiteTeam "Sparkasse Schwarzach"]
[BlackTeam "SC Absam"]

1.e4 c5 2.Nc3 a6 3.a4 Nc6 4.g3 g6 5.Bg2 Bg7 6.Nce2 Nf6 7.c3 d5 8.d3 O-O 9.f4
dxe4 10.dxe4 Qxd1+ 11.Kxd1 Be6 12.h3 Na5 13.e5 Nd5 14.Be4 Rad8 15.Kc2 f5 16.Bf3
Nc4 17.h4 Nde3+ 18.Kb1 Rd1 19.b4 cxb4 20.cxb4 Nd2+ 21.Kb2 Rc8 22.Nc3 Nxf3
23.Nxd1 Nxd1+ 24.Kb1 Nf2

[Event "2. Bundesliga West 2009/20010"]
[Site "Kufstein"]
[Date "2009.11.27"]
[Round "4"]
[Board "1"]
[White "Bertagnolli, Alexander"]
[Black "Medvegy, Zoltan"]
[Result "0-1"]
[WhiteElo "2332"]
[BlackElo "2547"]
[PlyCount "124"]
[EventDate "2009.10.23"]
[EventType "team"]
[EventRounds "11"]
[EventCountry "AUT"]
[WhiteTeam "Rochade Rum"]
[BlackTeam "ATSV Ranshofen"]

1.e4 c6 2.Nf3 d5 3.exd5 cxd5 4.Ne5 Nc6 5.Bb5 Bd7 6.Nxd7 Qxd7 7.d4 a6 8.Be2 e6
9.Bf4 Bd6 10.Bxd6 Qxd6 11.c3 Nf6 12.Nd2 O-O 13.O-O g6 14.Nb3 b6 15.Bd3 Kg7
16.Qe2 a5 17.a4 Nd7 18.Bb5 Na7 19.Rfe1 Nxb5 20.Qxb5 Rfc8 21.Nd2 Qc6 22.Qxc6 Rxc6
23.Nb1 Nf6 24.Na3 Ne8 25.Kf1 Nd6 26.Ke2 g5 27.Nb5 Nf5 28.f3 h5 29.Kf2 Kf6
30.Rac1 g4 31.Re5 Rg8 32.Rf1 Rg6 33.Kg1 g3 34.h3 Rg8 35.Rd1 Rb8 36.Kf1 h4 37.Ke2
Ne7 38.f4 Ng6 39.Rf1 Nxe5 40.fxe5+ Ke7 41.Rf6 Rh8 42.Kf3 Rh7 43.Kf4 Rc4 44.b3
Rc8 45.Ke3 Rg8 46.c4 dxc4 47.bxc4 Rg6 48.Rxg6 fxg6 49.Nd6 Rh8 50.Ne4 Rc8 51.Kd3
g5 52.Nxg5 Rf8 53.Ne4 Rf1 54.Ke3 Ra1 55.d5 Ra3+ 56.Kd4 Rxa4 57.Nd6 Kd7 58.Ne4
exd5 59.Kxd5 Ra2 60.Nf6+ Ke7 61.Ke4 Rxg2 62.Nd5+ Kd8

[Event "2. Bundesliga West 2009/20010"]
[Site "Kufstein"]
[Date "2009.11.27"]
[Round "4"]
[Board "2"]
[White "Konnyu, Janos"]
[Black "Gatterer, Florian"]
[Result "1/2-1/2"]
[WhiteElo "2401"]
[BlackElo "2323"]
[PlyCount "72"]
[EventDate "2009.10.23"]
[EventType "team"]
[EventRounds "11"]
[EventCountry "AUT"]
[WhiteTeam "ATSV Ranshofen"]
[BlackTeam "Rochade Rum"]

1.e4 c6 2.d4 d5 3.Nd2 dxe4 4.Nxe4 Bf5 5.Ng3 Bg6 6.Nf3 Nd7 7.h4 h6 8.h5 Bh7 9.Bd3
Bxd3 10.Qxd3 e6 11.Bf4 Qa5+ 12.Bd2 Qc7 13.O-O-O Ngf6 14.Kb1 O-O-O 15.Ne4 Nxe4
16.Qxe4 Bd6 17.c4 Nf6 18.Qe2 c5 19.Bc3 Rhe8 20.dxc5 Qxc5 21.Bd4 Qf5+ 22.Qc2
Qxc2+ 23.Kxc2 Bb8 24.Rde1 Rd7 25.Rh4 Red8 26.Re2 a6 27.b3 Bc7 28.Be5 Bb6 29.Rf4
Ne8 30.c5 Bc7 31.b4 f6 32.Bxc7 Nxc7 33.Rg4 e5 34.Rd2 Ne6 35.Rxd7 Rxd7 36.Nh4
Nd4+

[Event "2. Bundesliga West 2009/20010"]
[Site "Kufstein"]
[Date "2009.11.27"]
[Round "4"]
[Board "3"]
[White "Eybl, Alexander"]
[Black "Webersberger, Johann"]
[Result "1/2-1/2"]
[WhiteElo "2259"]
[BlackElo "2367"]
[PlyCount "29"]
[EventDate "2009.10.23"]
[EventType "team"]
[EventRounds "11"]
[EventCountry "AUT"]
[WhiteTeam "Rochade Rum"]
[BlackTeam "ATSV Ranshofen"]

1.Nf3 g6 2.g3 Bg7 3.Bg2 Nf6 4.O-O O-O 5.c4 c6 6.Nc3 d5 7.cxd5 cxd5 8.d4 Nc6
9.Ne5 e6 10.Nxc6 bxc6 11.Bf4 Nh5 12.Be3 Nf6 13.Bf4 Nh5 14.Be3 Nf6 15.Bf4

[Event "2. Bundesliga West 2009/20010"]
[Site "Kufstein"]
[Date "2009.11.27"]
[Round "4"]
[Board "4"]
[White "Dovzik, Juri"]
[Black "Hengl, Christian"]
[Result "1-0"]
[WhiteElo "2365"]
[BlackElo "2225"]
[PlyCount "65"]
[EventDate "2009.10.23"]
[EventType "team"]
[EventRounds "11"]
[EventCountry "AUT"]
[WhiteTeam "ATSV Ranshofen"]
[BlackTeam "Rochade Rum"]

1.d4 d5 2.c4 c6 3.Nf3 Nf6 4.Qc2 a6 5.Bf4 Bg4 6.Ne5 Bh5 7.e3 e6 8.Qb3 b5 9.cxb5
axb5 10.Bd3 Nfd7 11.O-O Nxe5 12.Bxe5 Nd7 13.Bg3 Nb6 14.Qc2 Rc8 15.Nc3 Bd6 16.a4
Bxg3 17.hxg3 bxa4 18.Nxa4 Nxa4 19.Rxa4 Bg6 20.Bxg6 hxg6 21.Qc5 Qe7 22.Qxe7+ Kxe7
23.Ra7+ Kf6 24.g4 c5 25.dxc5 Rxc5 26.g5+ Kxg5 27.Rxf7 Rb8 28.f4+ Kh5 29.Rxg7
Rxb2 30.Rf3 Kg4 31.f5 exf5 32.Rxg6+ Kh5 33.Rg8

[Event "2. Bundesliga West 2009/20010"]
[Site "Kufstein"]
[Date "2009.11.27"]
[Round "4"]
[Board "5"]
[White "Jedinger, Andreas"]
[Black "Ager, Josef"]
[Result "1-0"]
[WhiteElo "2170"]
[BlackElo "2214"]
[PlyCount "75"]
[EventDate "2009.10.23"]
[EventType "team"]
[EventRounds "11"]
[EventCountry "AUT"]
[WhiteTeam "Rochade Rum"]
[BlackTeam "ATSV Ranshofen"]

1.e4 g6 2.d4 Bg7 3.Nc3 c6 4.h3 d6 5.g4 Nd7 6.Bg2 e5 7.Nge2 h5 8.g5 Ne7 9.Be3 Qc7
10.O-O f5 11.gxf6 Nxf6 12.f4 Bd7 13.Qd3 O-O-O 14.a4 exd4 15.Nxd4 a6 16.Nf3 d5
17.e5 Nh7 18.a5 Bf5 19.Qe2 c5 20.Na4 d4 21.Nb6+ Kb8 22.Bf2 Bh6 23.Bg3 d3 24.Qf2
dxc2 25.Nd2 Nf8 26.Ndc4 Bd3 27.Nd6 Nf5 28.Nxb7 Rd4 29.Nd6 Rxd6 30.exd6 Nxd6
31.Qf3 Be4 32.Qb3 Ka7 33.f5 Bxg2 34.Be5 Qb7 35.Rfe1 Nd7 36.Qxc2 Bxh3 37.Nxd7
Bxf5 38.Qc3

[Event "2. Bundesliga West 2009/20010"]
[Site "Kufstein"]
[Date "2009.11.27"]
[Round "4"]
[Board "6"]
[White "Sadilek, Peter"]
[Black "Muehlbacher, Bernhard"]
[Result "1-0"]
[WhiteElo "2198"]
[BlackElo "2156"]
[PlyCount "73"]
[EventDate "2009.10.23"]
[EventType "team"]
[EventRounds "11"]
[EventCountry "AUT"]
[WhiteTeam "ATSV Ranshofen"]
[BlackTeam "Rochade Rum"]

1.e4 c5 2.Nf3 e6 3.d4 cxd4 4.Nxd4 a6 5.c4 Nf6 6.Nc3 Qc7 7.a3 b6 8.Be2 Bb7 9.f3
Nc6 10.Be3 Be7 11.O-O O-O 12.Rc1 Nxd4 13.Bxd4 d6 14.Qe1 Nd7 15.Qg3 Bf6 16.Bxf6
Nxf6 17.Rfd1 Rad8 18.b4 Nh5 19.Qf2 Nf4 20.Bf1 f5 21.exf5 Rxf5 22.Ne2 e5 23.Nxf4
Rxf4 24.Qe3 Rdf8 25.c5 dxc5 26.bxc5 b5 27.Qb3+ Kh8 28.Qe6 R4f6 29.Qd7 Qb8 30.c6
Bc8 31.Qe7 e4 32.Qxe4 Rh6 33.c7 Qb6+ 34.Qd4 Qa5 35.Qc5 Rhf6 36.Rd8 Kg8 37.Bc4+

[Event "2. Bundesliga West 2009/20010"]
[Site "Kufstein"]
[Date "2009.11.28"]
[Round "5"]
[Board "1"]
[White "Reich, Thomas"]
[Black "Sergeev, Vladimir"]
[Result "0-1"]
[WhiteElo "2368"]
[BlackElo "2447"]
[PlyCount "47"]
[EventDate "2009.10.23"]
[EventType "team"]
[EventRounds "11"]
[EventCountry "AUT"]
[WhiteTeam "Sparkasse Jenbach II"]
[BlackTeam "Dornbirn"]

1.d4 Nf6 2.Bf4 Nh5 3.Bc1 Nf6 4.Bf4 c5 5.e3 d6 6.c3 Nbd7 7.Nf3 Nh5 8.Bg5 h6 9.Bh4
g5 10.Nfd2 Ndf6 11.Bg3 b6 12.Bb5+ Bd7 13.a4 Bg7 14.c4 O-O 15.Bxd7 Qxd7 16.Nc3
cxd4 17.exd4 Nxg3 18.hxg3 d5 19.cxd5 Nxd5 20.Nf3 Rac8 21.Rc1 Nxc3 22.bxc3 Rfe8
23.Ne5 Bxe5 24.dxe5

[Event "2. Bundesliga West 2009/20010"]
[Site "Kufstein"]
[Date "2009.11.28"]
[Round "5"]
[Board "2"]
[White "Novkovic, Julia"]
[Black "Deglmann, Ludwig"]
[Result "0-1"]
[WhiteElo "2116"]
[BlackElo "2329"]
[PlyCount "208"]
[EventDate "2009.10.23"]
[EventType "team"]
[EventRounds "11"]
[EventCountry "AUT"]
[WhiteTeam "Dornbirn"]
[BlackTeam "Sparkasse Jenbach II"]

1.e4 c5 2.Nf3 Nc6 3.d4 cxd4 4.Nxd4 g6 5.c4 Nf6 6.Nc3 d6 7.Be2 Nxd4 8.Qxd4 Bg7
9.O-O O-O 10.Kh1 Bd7 11.f3 Bc6 12.Qf2 a5 13.Rb1 Nd7 14.Nd5 Bxd5 15.exd5 a4
16.Be3 Qa5 17.Rfd1 Rfc8 18.Qh4 Bf6 19.Bg5 Qb4 20.Bxf6 Nxf6 21.Qd4 Qc5 22.Qd2 Rc7
23.b4 axb3 24.axb3 b6 25.b4 Qf2 26.Rf1 Qh4 27.g3 Qh3 28.Ra1 Rca7 29.Rxa7 Rxa7
30.Qb2 Qf5 31.Rd1 Nd7 32.Kg2 Qe5 33.Qxe5 Nxe5 34.f4 Nd7 35.Rd2 Ra6 36.Rb2 Kg7
37.Kf2 h5 38.Kg2 Nf6 39.Kh3 Ra1 40.Kg2 Ra3 41.Kh3 Ne4 42.Bd1 Ra1 43.Bb3 Nf6
44.Kg2 Ng4 45.h3 Nf6 46.Bc2 Ra3 47.Bd1 Kf8 48.Rb3 Ra1 49.Be2 Ne4 50.Rb2 Ra3
51.Bf3 Nc3 52.Kf2 Na4 53.Rc2 Rb3 54.b5 Ra3 55.h4 Nc5 56.Kg2 Nb3 57.Bd1 Nd4
58.Rc1 Ra2+ 59.Kh3 Kg7 60.g4 hxg4+ 61.Bxg4 Kf6 62.h5 gxh5 63.Bxh5 Nf5 64.Rg1
Ra3+ 65.Kh2 Rc3 66.Ra1 Rxc4 67.Ra6 Rxf4 68.Kg1 Rb4 69.Rxb6 Nd4 70.Rb8 Rxb5
71.Rf8 Rxd5 72.Rxf7+ Ke6 73.Rh7 Rg5+ 74.Kf2 Nf5 75.Be8 d5 76.Bb5 Ke5 77.Bd7 e6
78.Rh8 Kd6 79.Bc8 Nd4 80.Rh6 Rg8 81.Ba6 Rf8+ 82.Ke1 Kc5 83.Rh5 e5 84.Bd3 Re8
85.Bg6 Re7 86.Rh8 e4 87.Rd8 Rg7 88.Bh5 e3 89.Kf1 Rg5 90.Rc8+ Kd6 91.Rh8 Re5
92.Be2 Rf5+ 93.Ke1 Rf2 94.Bd1 Rg2 95.Kf1 e2+ 96.Bxe2 Rxe2 97.Rd8+ Kc5 98.Rc8+
Kb4 99.Rd8 Kc4 100.Rc8+ Kd3 101.Rf8 Re5 102.Rd8 Kd2 103.Ra8 Rf5+ 104.Kg2 Nc2

[Event "2. Bundesliga West 2009/20010"]
[Site "Kufstein"]
[Date "2009.11.28"]
[Round "5"]
[Board "3"]
[White "Micheli, Carlo"]
[Black "Karrer, Damian"]
[Result "1/2-1/2"]
[WhiteElo "2293"]
[BlackElo "2159"]
[PlyCount "113"]
[EventDate "2009.10.23"]
[EventType "team"]
[EventRounds "11"]
[EventCountry "AUT"]
[WhiteTeam "Sparkasse Jenbach II"]
[BlackTeam "Dornbirn"]

1.e4 c5 2.Nf3 Nc6 3.c3 d5 4.exd5 Qxd5 5.d4 Bg4 6.Be2 cxd4 7.cxd4 e6 8.Nc3 Qa5
9.Be3 Nf6 10.O-O Bd6 11.h3 Bh5 12.a3 O-O 13.b4 Qd8 14.Qb3 Ne7 15.Bg5 Nfd5
16.Nxd5 exd5 17.Rfe1 f6 18.Bd2 Rc8 19.Bf1 Bf7 20.g3 Bb8 21.b5 Nf5 22.Bb4 Re8
23.Bg2 Nd6 24.Rxe8+ Qxe8 25.Bxd6 Bxd6 26.Nd2 Qe6 27.Nf1 Rc4 28.Rd1 Qc8 29.Rd3
Rc1 30.Bxd5 Qxh3 31.Bxf7+ Kf8 32.Rd1 Rxd1 33.Qxd1 Kxf7 34.Qb3+ Qe6 35.Qa4 Bb8
36.Qc2 g6 37.Qd3 f5 38.d5 Qe7 39.Nd2 Qd8 40.Nc4 Qd7 41.a4 f4 42.d6 Qf5 43.Qf3
Ke6 44.g4 Qb1+ 45.Kg2 Bxd6 46.Qxb7 Qd1 47.Qe4+ Kd7 48.Qf3 Qxf3+ 49.Kxf3 Bc7
50.Ke4 Ke6 51.a5 h5 52.gxh5 gxh5 53.b6 axb6 54.a6 Bb8 55.Na3 h4 56.a7 Bxa7
57.Kxf4

[Event "2. Bundesliga West 2009/20010"]
[Site "Kufstein"]
[Date "2009.11.28"]
[Round "5"]
[Board "4"]
[White "Langwieser, Alexander"]
[Black "Kleissl, Helmut"]
[Result "0-1"]
[WhiteElo "2049"]
[BlackElo "2271"]
[PlyCount "71"]
[EventDate "2009.10.23"]
[EventType "team"]
[EventRounds "11"]
[EventCountry "AUT"]
[WhiteTeam "Dornbirn"]
[BlackTeam "Sparkasse Jenbach II"]

1.e4 d6 2.d4 Nf6 3.Nc3 Nbd7 4.f4 e5 5.Nf3 exd4 6.Qxd4 c6 7.e5 dxe5 8.fxe5 Bc5
9.Qh4 Qe7 10.Bf4 Bb4 11.O-O-O Bxc3 12.exf6 Bxf6 13.Qg3 O-O 14.Bc4 Qb4 15.Bb3 Nc5
16.Bd6 Re8 17.Rhf1 Nxb3+ 18.axb3 Qg4 19.Qf2 Be6 20.h3 Qg6 21.g4 Bd5 22.Bf4 Re4
23.Nd2 Ree8 24.Rde1 b6 25.Rxe8+ Rxe8 26.Re1 Rxe1+ 27.Qxe1 h5 28.Qg3 hxg4 29.hxg4
Qh7 30.Kb1 Qh1+ 31.Ka2 Qg2 32.Qxg2 Bxg2 33.Nc4 g5 34.Be3 Bf3 35.Nd2 Bd5 36.Nf1
{Rest unleserlich}

[Event "2. Bundesliga West 2009/20010"]
[Site "Kufstein"]
[Date "2009.11.28"]
[Round "5"]
[Board "5"]
[White "Hoellrigl, Wilfried"]
[Black "Kessler, Michaela"]
[Result "1-0"]
[WhiteElo "2223"]
[BlackElo "1913"]
[PlyCount "131"]
[EventDate "2009.10.23"]
[EventType "team"]
[EventRounds "11"]
[EventCountry "AUT"]
[WhiteTeam "Sparkasse Jenbach II"]
[BlackTeam "Dornbirn"]

1.e4 c5 2.Nf3 d6 3.Bb5+ Bd7 4.Bxd7+ Qxd7 5.O-O Nf6 6.Qe2 e6 7.c3 Nc6 8.d4 cxd4
9.cxd4 d5 10.e5 Ne4 11.Be3 Be7 12.Ne1 f5 13.f3 Ng5 14.Nc3 O-O 15.Nd3 Rac8
16.Rac1 Nf7 17.g3 Na5 18.b3 b6 19.Qb2 Rc7 20.Ne2 Rfc8 21.h4 Nd8 22.Nef4 Ndc6
23.Rf2 Nb4 24.Rxc7 Rxc7 25.Nxb4 Bxb4 26.Rc2 Kf7 27.g4 fxg4 28.fxg4 Nc6 29.Rf2
Kg8 30.Qe2 Rc8 31.Kg2 Bc3 32.Qd3 Be1 33.Rf1 Nb4 34.Qb1 Bxh4 35.Rh1 g5 36.Nh5 Kh8
37.Nf6 Qg7 38.Rc1 Rxc1 39.Qxc1 Qe7 40.Qd2 Nc6 41.Bxg5 Bxg5 42.Qxg5 Qg7 43.Qc1
Qb7 44.Qc3 Ne7 45.Qd3 Ng6 46.Qb5 Qc8 47.Qe8+ Qxe8 48.Nxe8 Kg8 49.Kf3 h6 50.b4 a5
51.b5 Ne7 52.Nd6 Kf8 53.Kg3 Kg7 54.a3 Kh7 55.Ne8 Kg6 56.Kh4 Kf7 57.Nc7 Ng6+
58.Kh5 Nf4+ 59.Kxh6 Ne2 60.g5 Nxd4 61.Kh7 Nf5 62.Na8 Ne7 63.Nxb6 Ng6 64.Nd7 a4
65.Nc5 Nxe5 66.b6

[Event "2. Bundesliga West 2009/20010"]
[Site "Kufstein"]
[Date "2009.11.28"]
[Round "5"]
[Board "1"]
[White "Blaskowski, Johannes"]
[Black "Baldauf, Marco"]
[Result "0-1"]
[WhiteElo "2332"]
[BlackElo "2373"]
[PlyCount "80"]
[EventDate "2009.10.23"]
[EventType "team"]
[EventRounds "11"]
[EventCountry "AUT"]
[WhiteTeam "Hypo Kufstein"]
[BlackTeam "Hohenems II"]

1.e4 c5 2.Nf3 d6 3.d4 cxd4 4.Nxd4 Nf6 5.Nc3 g6 6.Be3 Bg7 7.f3 Nc6 8.Qd2 O-O
9.Bc4 Bd7 10.O-O-O Rc8 11.Bb3 Nxd4 12.Bxd4 b5 13.Kb1 a5 14.a3 b4 15.axb4 axb4
16.Na2 Qc7 17.Qxb4 Be6 18.Nc3 Rb8 19.Nb5 Bxb3 20.Qxb3 Qc6 21.c4 Rfc8 22.e5 Ne8
23.Rhe1 dxe5 24.Bxe5 Bxe5 25.Rxe5 Nd6 26.Qc3 Qxc4 27.Rxd6 Qxc3 28.Nxc3 exd6
29.Re3 Rb3 30.Ka2 Rcb8 31.Re2 Kg7 32.Rd2 f5 33.Na4 Re3 34.Nc3 Rb6 35.Ka3 Kf7
36.Ka4 Rb8 37.Nb5 d5 38.Nd4 Re1 39.Nc2 Rxb2 40.Ka3 Reb1